000 00457nam a2200181Ia 4500
001 44294
008 140428s9999 xx 000 0 und d
020 _aNA
040 _cPK-LaUMT
082 _aRHC 891.4394
_bDAW-H
100 _aDawood Ashraf
245 _aHaasil-e-tahqeeq (Urdu)
_cDawood Ashraf
260 _aHyderabad,India:
_bShagoofa Publications,
_c1992
300 _a144 p.
546 _aUR
650 _aPakistani literature-Urdu
942 _cBK
999 _c42287
_d42287